The Weeknd After Hours - Statistics

General Stats
  • This quiz has been taken 22 times
  • The average score is 11 of 14
Answer Stats
Answer % Correct
Blinding Lights
100%
Save Your Tears
95%
After Hours
90%
In Your Eyes
90%
Alone Again
85%
Faith
80%
Heartless
80%
Repeat After Me
80%
Snowchild
80%
Until I Bleed Out
80%
Escape from LA
75%
Hardest to Love
70%
Scared to Live
70%
Too Late
70%
No matching quizzes found
Score Distribution
Percent of People with Each Score
Percentile by Number Answered
Your Score History
You have not taken this quiz